000 00499cam a2200145 4500500
005 20260111090437.0
041 _afre
042 _adc
100 1 0 _aSalin, Dominique
_eauthor
245 0 0 _aBlandine-D. Berger, Madeleine Daniélou (1880-1956), Ed. du Cerf, 2002, 336 pages, 25 €
260 _c2003.
500 _a26
786 0 _nÉtudes | 398 | 1 | 2003-01-01 | p. 123zq-143zq | 0014-1941
856 4 1 _uhttps://shs.cairn.info/revue-etudes-2003-1-page-123zq?lang=fr&redirect-ssocas=7080
999 _c1618913
_d1618913